000 00382nam a2200145 i 4500
001 bg
100 1 _aOCHĘDUSZKO, Kazimierz
245 0 _aKoła zębate w przystępnym zarysie.
_nT. 1,
_pKonstrukcja /
_cKazimierz Ochęduszko.
260 _aWarszawa,
_c1947.
650 9 _aKoła zębate
040 _cBPK
041 _apol
942 _cKS
008 s pl f |000 0 pol
999 _c7055
_d7055
856 _uhttp://koha.tu.koszalin.pl/cgi-bin/koha/opac-detail.pl?biblionumber=7055
_yKatalog online BPK